| 000 | 00472nam a2200181Ia 4500 | ||
|---|---|---|---|
| 008 | 230917s9999||||xx |||||||||||||| ||und|| | ||
| 020 | _cRS 950.00 | ||
| 040 |
_e5011202 _aMAIN |
||
| 041 | _aEnglish | ||
| 082 | _a589.3 L51P(5) | ||
| 100 | _aLee, Robert Edward | ||
| 245 | 0 | _aPhycology | |
| 250 | _a5th ed. | ||
| 260 |
_aNew Delhi _bCambridge university Press _c2019 |
||
| 300 | _axii, 535 p. | ||
| 500 | _a3881 23/12/2019 WUB19/6539 26/12/2019 Main Budget | ||
| 942 | _cBK | ||
| 999 |
_c748 _d748 |
||